| 000 | 01748cam a22003974a 4500 | ||
|---|---|---|---|
| 001 | 13481635 | ||
| 005 | 20050111155216.0 | ||
| 008 | 040205s2004 enka b 001 0 eng | ||
| 010 | _a 2004043874 | ||
| 020 | _a0333792459 (cloth) | ||
| 040 |
_aDLC _cDLC _dDLC |
||
| 042 | _apcc | ||
| 050 | 0 | 0 |
_aHD7287 _b.O95 2004 |
| 082 | 0 | 0 |
_a333.338 _222 _bOXL |
| 100 | 1 | _aOxley, Michael. | |
| 245 | 1 | 0 |
_aEconomics, planning, and housing / _cMichael Oxley. |
| 260 |
_aHoundmills, Basingstoke, Hampshire ; _aNew York : _bPalgrave Macmillan, _c2004. |
||
| 300 |
_axi, 251 p. : _bill. ; _c24 cm. |
||
| 490 | 1 | _aPlanning, environment, cities | |
| 504 | _aIncludes bibliographical references (p. 237-246) and index. | ||
| 650 | 0 |
_aHousing _xPlanning. |
|
| 650 | 0 | _aHousing policy. | |
| 650 | 0 |
_aReal estate development _xPlanning. |
|
| 650 | 0 |
_aLand use _xPlanning. |
|
| 650 | 0 |
_aHousing _xEconomic aspects. |
|
| 650 | 0 |
_aReal estate development _xEconomic aspects. |
|
| 650 | 0 |
_aLand use _xEconomic aspects. |
|
| 650 | 0 | _aUrban economics. | |
| 830 | 0 | _aPlanning, environment, cities (Palgrave Macmillan (Firm)) | |
| 856 | 4 | 2 |
_3Contributor biographical information _uhttp://www.loc.gov/catdir/bios/hol059/2004043874.html |
| 856 | 4 | 2 |
_3Publisher description _uhttp://www.loc.gov/catdir/description/hol053/2004043874.html |
| 856 | 4 | 1 |
_3Table of contents _uhttp://www.loc.gov/catdir/toc/hol052/2004043874.html |
| 942 |
_2ddc _cBB |
||
| 999 |
_c10841 _d10841 |
||